000 00485nam a2200217Ia 4500
003 0100
008 130303s9999 xx 000 0 und d
020 _a0534575986
040 _cARRUPELIB
050 _aB3279.J636 2000
100 _aJohnson, Patricia A
245 _aOn Gadamer
260 _aAustralia
260 _bWadsworth
260 _C2000
300 _a92p.
300 _b 19cm.
440 _aWadsworth philosophers series
650 _aPHILOSOPHY
942 0 0 _01
999 _c12843
_d12843